|
|
|
|
| LEADER |
00000cam a2200000 i 4500 |
| 001 |
1/41772 |
| 008 |
020424r2000 gr ||| | gre|| |
| 020 |
|
|
|a 9603513326
|
| 035 |
|
|
|l 10071049
|
| 040 |
|
|
|a GR-MyUA
|b gre
|e AACR2
|
| 041 |
0 |
|
|a gre
|
| 082 |
7 |
|
|a 519.544
|2 (22)
|
| 082 |
0 |
|
|a 519.5
|
| 100 |
1 |
|
|a Παπαϊωάννου, Τάκης.
|
| 245 |
1 |
0 |
|a Μαθηματική στατιστική :
|b εκτιμητική, έλεγχος υποθέσεων - στατιστικά τεστ, εφαρμογές /
|c Τάκη Παπαιωάννου, Κοσμά Φερεντίνου.
|
| 250 |
|
|
|a 2η εκδ.
|
| 260 |
|
|
|a Αθήνα :
|b Σταμούλη,
|c c2000.
|
| 300 |
|
|
|a xiii, 276 σ. ;
|c 24 εκ.
|
| 504 |
|
|
|a Βιβλιογραφία: [271]-273. Ευρετήριο.
|
| 650 |
0 |
0 |
|a Estimation theory.
|
| 650 |
0 |
0 |
|a Statistics.
|
| 650 |
0 |
0 |
|a Mathematical statistics.
|
| 700 |
1 |
|
|a Φερεντίνος, Κοσμάς.
|
| 852 |
|
|
|a INST
|b CHIOS
|e 20080313
|h 519.5 ΠΑΠ
|p 005200027729
|q 005200027729
|t BK
|y 0
|
| 852 |
|
|
|a INST
|b SAMOS
|e 20020424
|h 519.544 ΠΑΠ
|p 005300020132
|q 005300020132
|t BK
|y 0
|
| 852 |
|
|
|a INST
|b SAMOS
|e 20020424
|h 519.544 ΠΑΠ
|p 005300020133
|q 005300020133
|t BK
|y 0
|
| 852 |
|
|
|a INST
|b SAMOS
|e 20020424
|h 519.544 ΠΑΠ
|p 005300020134
|q 005300020134
|t BK
|y 23
|
| 852 |
|
|
|a INST
|b SAMOS
|e 20020424
|h 519.544 ΠΑΠ
|p 005300020135
|q 005300020135
|t BK
|y 0
|
| 852 |
|
|
|a INST
|b SAMOS
|e 20020424
|h 519.544 ΠΑΠ
|p 005300020136
|q 005300020136
|t BK
|y 0
|
| 852 |
|
|
|a INST
|b SAMOS
|e 20031008
|h 519.544 ΠΑΠ
|p 005300023844
|q 005300023844
|t BK
|y 0
|
| 852 |
|
|
|a INST
|b SAMOS
|c EUDOXUS
|e 20130222
|h 519.544 ΠΑΠ
|p 005300033362
|q 005300033362
|t EDX
|y 0
|
| 852 |
|
|
|a INST
|b SAMOS
|c EUDOXUS
|e 20130215
|h 519.544 ΠΑΠ
|p 005300033423
|q 005300033423
|t EDX
|y 0
|
| 901 |
|
|
|a BIBL3-2013-1
|
| 901 |
|
|
|a BIBL3-2003-3
|
| 901 |
|
|
|a BIBL3-2002-1
|
| 901 |
|
|
|a BIBL2-2008-1
|
| 909 |
|
|
|a Σ
|b 172613
|
| 909 |
|
|
|a Σ
|b 172563
|
| 909 |
|
|
|a Σ
|b 106466
|
| 909 |
|
|
|a Σ
|b 087462
|
| 909 |
|
|
|a Σ
|b 087461
|
| 909 |
|
|
|a Σ
|b 087465
|
| 909 |
|
|
|a Σ
|b 087464
|
| 909 |
|
|
|a Σ
|b 087463
|
| 909 |
|
|
|a Χ
|b 146037
|
| 920 |
|
|
|a ΕΥΔΟΞΟΣ
|b ΠΑΡΑΓΓΕΛΙΑ
|y ΣΑΜΟΣ-ΤΜΗΜΑ
|z 2013-02
|
| 920 |
|
|
|a ΕΥΔΟΞΟΣ
|b ΠΑΡΑΓΓΕΛΙΑ
|y ΣΑΜΟΣ-ΣΑΧΜ
|z 2013-02
|
| 922 |
|
|
|a 3ΕΛΗ
|b 200308
|c ΤΣΑΕ
|d ΠΑΠΑΣΩΤΗΡΙΟΥ Α.Ε.
|
| 922 |
|
|
|a 2ΕΛΗ
|b 200802
|c ΕΠΕΑΕΚ2/ΤΜΟΔ
|d Σ. ΠΑΤΑΚΗΣ
|
| 950 |
|
|
|a 184-2003-08-25
|
| 970 |
|
|
|a ΜΑΛΑΓΑΡΗ
|b ΦΩΤΕΙΝΗ
|z 2002/04/24
|